00697nam a2200217Ia 4500003000400000005001700004008004100021020001500062040000700077041000800084082001300092100003800105245004000143260004300183300001400226365001300240906004000253942001200293999001900305952015500324OSt20250424183229.0210423s1979 xx 000 0 und d a8121910218 cAL aeng a368 MISI aMISHRA (M N);MISHRA (S B).943300 aInsurance: principles and practice. aNew DelhibS Chand & Company Ltdc1979 av,661bPB b250cINR aInsurance: ; practice. ; principles 2ddccBK c157568d157568 00102ddc40708MCOMaSACPGbSACPGd2009-12-16eHigginbothams Pvt Ltdg250.00l1o368 MISIpPG004044r2024-03-04 00:00:00s2024-02-23w2021-04-26yBK